| 000 | 00432nam a2200157Ia 4500 | ||
|---|---|---|---|
| 008 | 150909s9999 xx 000 0 und d | ||
| 041 | _aEnglish | ||
| 082 | _a630 | ||
| 082 | _bMIN/RE | ||
| 100 | _aMinistry of Agriculture And Irrigation | ||
| 245 | _aReport of the national commission on agriculture 1976 : climate and agriculture * | ||
| 260 | _bGovt. of India | ||
| 260 | _c1976 | ||
| 650 | _aAgriculture | ||
| 942 | _cREF | ||
| 999 |
_c203005 _d203005 |
||